The 23rd midnight / (Record no. 31374)

MARC details
000 -LEADER
fixed length control field 01948cam a2200433 i 4500
001 - CONTROL NUMBER
control field on1376266142
003 - CONTROL NUMBER IDENTIFIER
control field OCoLC
005 - DATE AND TIME OF LATEST TRANSACTION
control field 20251205034824.0
008 - FIXED-LENGTH DATA ELEMENTS--GENERAL INFORMATION
fixed length control field 230417t20232023nyu e 000 1 eng d
010 ## - LIBRARY OF CONGRESS CONTROL NUMBER
LC control number 2023930485
020 ## - INTERNATIONAL STANDARD BOOK NUMBER
International Standard Book Number 9780316402781
Qualifying information (hardcover)
020 ## - INTERNATIONAL STANDARD BOOK NUMBER
International Standard Book Number 0316402788
Qualifying information (hardcover)
035 ## - SYSTEM CONTROL NUMBER
System control number (OCoLC)1376266142
035 ## - SYSTEM CONTROL NUMBER
System control number 1755948
040 ## - CATALOGING SOURCE
Original cataloging agency NjBwBT
Language of cataloging eng
Description conventions rda
Transcribing agency FFL
Modifying agency FFL
-- LE@
-- OCO
-- DAD
100 1# - MAIN ENTRY--PERSONAL NAME
Personal name Patterson, James,
Dates associated with a name 1947-
Relator term author.
245 14 - TITLE STATEMENT
Title The 23rd midnight /
Statement of responsibility, etc. James Patterson & Maxine Paetro.
246 3# - VARYING FORM OF TITLE
Title proper/short title Twenty-third midnight.
250 ## - EDITION STATEMENT
Edition statement First edition.
264 #1 - PRODUCTION, PUBLICATION, DISTRIBUTION, MANUFACTURE, AND COPYRIGHT NOTICE
Place of production, publication, distribution, manufacture New York :
Name of producer, publisher, distributor, manufacturer Little, Brown and Company,
Date of production, publication, distribution, manufacture, or copyright notice 2023.
264 #4 - PRODUCTION, PUBLICATION, DISTRIBUTION, MANUFACTURE, AND COPYRIGHT NOTICE
Date of production, publication, distribution, manufacture, or copyright notice ℗♭2023.
300 ## - PHYSICAL DESCRIPTION
Extent 341 pages ;
Dimensions 25 cm.
336 ## - CONTENT TYPE
Content type term text
Source rdacontent.
337 ## - MEDIA TYPE
Media type term unmediated
Source rdamedia.
338 ## - CARRIER TYPE
Carrier type term volume
Source rdacarrier.
490 1# - SERIES STATEMENT
Series statement The Women's murder club ;
Volume/sequential designation 23.
520 ## - SUMMARY, ETC.
Summary, etc. "An attention-seeking copycat is recreating murders by a famous killer from the Women's Murder Club's past--with devastating new twists. Detective Lindsay Boxer put serial killer Evan Burke in jail. Reporter Cindy Thomas wrote a book that put him on the bestseller list. An obsessed maniac has turned Burke's true-crime story into a playbook. And is embellishing it with gruesome touches all his own. Now Lindsay's tracking an elusive suspect, and the entire Murder Club is facing destruction"--
Assigning source Provided by publisher.
600 10 - SUBJECT ADDED ENTRY--PERSONAL NAME
Personal name Boxer, Lindsay
Titles and other words associated with a name (Fictitious character)
Form subdivision Fiction.
650 #0 - SUBJECT ADDED ENTRY--TOPICAL TERM
Topical term or geographic name as entry element Women's Murder Club (Imaginary organization)
Form subdivision Fiction.
650 #0 - SUBJECT ADDED ENTRY--TOPICAL TERM
Topical term or geographic name as entry element Murder
General subdivision Investigation
Form subdivision Fiction.
650 #0 - SUBJECT ADDED ENTRY--TOPICAL TERM
Topical term or geographic name as entry element Copycat crimes
Form subdivision Fiction.
650 #0 - SUBJECT ADDED ENTRY--TOPICAL TERM
Topical term or geographic name as entry element Serial murderers
Form subdivision Fiction.
655 #7 - INDEX TERM--GENRE/FORM
Genre/form data or focus term Thrillers (Fiction)
Source of term lcgft.
655 #7 - INDEX TERM--GENRE/FORM
Genre/form data or focus term Detective and mystery fiction.
Source of term lcgft.
700 1# - ADDED ENTRY--PERSONAL NAME
Personal name Paetro, Maxine,
Relator term author.
800 1# - SERIES ADDED ENTRY--PERSONAL NAME
Personal name Patterson, James,
Dates associated with a name 1947-
Title of a work Women's murder club ;
Volume/sequential designation bk. 23.
907 ## - LOCAL DATA ELEMENT G, LDG (RLIN)
a .b471499547
942 ## - ADDED ENTRY ELEMENTS (KOHA)
Source of classification or shelving scheme Dewey Decimal Classification
Koha item type Libro/Book
Holdings
Withdrawn status Lost status Damaged status Not for loan Home library Current library Date acquired Total Checkouts Full call number Barcode Checked out Date last seen Date checked out Price effective from Koha item type
        San Juan Del Sur -- Biblioteca San Juan Del Sur -- Biblioteca 05/12/2025 1 F 30023608 01/04/2026 25/03/2026 25/03/2026 05/12/2025 Libro/Book

Powered by Koha